[Event "DEM U12 2017"]
[Site "Willingen GER"]
[Date "2017.06.08"]
[Round "8"]
[White "Lutz, Ruben"]
[Black "Pubantz, Jan"]
[Result "1/2-1/2"]
[Termination "normal"]
[Board "1"]
[WhiteElo "1893"]
[BlackElo "1999"]
[WhiteClock "00:59:28"]
[BlackClock "00:16:53"]
[PlyCount "46"]
[WhiteFideId "12975974"]
[BlackFideId "12996114"]
[EventCountry "GER"]
[EventRounds "11"]
[EventType "swiss"]
[EventDate "2017.06.03"]

1. d4 {[%clk 1:15:58]} 1... d5 {[%clk 1:15:55]} 2. c4 {[%clk 1:16:16]} 2... c6
{[%clk 1:16:20]} 3. cxd5 {[%clk 1:16:40]} 3... cxd5 {[%clk 1:16:47]} 4. Bf4 {
[%clk 1:16:58]} 4... Nc6 {[%clk 1:16:10]} 5. Nc3 {[%clk 1:17:16]} 5... Nf6 {
[%clk 1:16:31]} 6. e3 {[%clk 1:17:35]} 6... Bf5 {[%clk 1:16:51]} 7. Bb5 { [%clk
1:16:41]} 7... e6 {[%clk 1:16:32]} 8. Nf3 {[%clk 1:16:52]} 8... Nd7 { [%clk
1:16:39]} 9. Rc1 {[%clk 1:16:27]} 9... Rc8 {[%clk 1:08:32]} 10. O-O { [%clk
1:16:00]} 10... Be7 {[%clk 1:07:43]} 11. Ne5 {[%clk 1:10:27]} 11... Ndxe5
{[%clk 1:05:28]} 12. Bxe5 {[%clk 1:10:48]} 12... O-O {[%clk 1:05:12]} 13. Bg3 {
[%clk 1:10:54]} 13... Na5 {[%clk 0:49:06]} 14. Bd3 {[%clk 1:09:10]} 14... Bxd3
{[%clk 0:45:12]} 15. Qxd3 {[%clk 1:09:34]} 15... Nc4 {[%clk 0:42:42]} 16. b3 {
[%clk 1:09:43]} 16... Nd6 {[%clk 0:41:21]} 17. Ne2 {[%clk 1:06:16]} 17... Qa5 {
[%clk 0:37:55]} 18. Bxd6 {[%clk 1:02:08]} 18... Bxd6 {[%clk 0:38:09]} 19. a4 {
[%clk 1:01:47]} 19... Rc6 {[%clk 0:27:21]} 20. Rxc6 {[%clk 0:59:05]} 20... bxc6
{[%clk 0:27:47]} 21. Qc3 {[%clk 0:58:44]} 21... Qxc3 {[%clk 0:23:11]} 22. Nxc3
{[%clk 0:59:08]} 22... Rb8 {[%clk 0:22:53]} 23. Rb1 {[%clk 0:59:28]} 23... a6 {
[%clk 0:16:53]} 1/2-1/2

[Event "DEM U12 2017"]
[Site "Willingen GER"]
[Date "2017.06.08"]
[Round "8"]
[White "Musiolik, David"]
[Black "Krastev, Alexander"]
[Result "0-1"]
[Termination "normal"]
[Board "2"]
[WhiteElo "1984"]
[BlackElo "2180"]
[WhiteClock "00:08:28"]
[BlackClock "00:01:59"]
[PlyCount "132"]
[WhiteFideId "12972355"]
[BlackFideId "12989983"]
[EventCountry "GER"]
[EventRounds "11"]
[EventType "swiss"]
[EventDate "2017.06.03"]

1. e4 {[%clk 1:15:54]} 1... e5 {[%clk 1:15:56]} 2. Nf3 {[%clk 1:16:08]} 2...
Nc6 {[%clk 1:16:22]} 3. Bb5 {[%clk 1:16:32]} 3... a6 {[%clk 1:16:25]} 4. Ba4 {
[%clk 1:16:49]} 4... Nf6 {[%clk 1:16:48]} 5. O-O {[%clk 1:17:13]} 5... Be7 {
[%clk 1:17:13]} 6. Re1 {[%clk 1:17:23]} 6... b5 {[%clk 1:17:37]} 7. Bb3 { [%clk
1:17:48]} 7... d6 {[%clk 1:17:53]} 8. c3 {[%clk 1:17:52]} 8... O-O { [%clk
1:18:16]} 9. h3 {[%clk 1:16:32]} 9... Nb8 {[%clk 1:18:38]} 10. d3 { [%clk
1:05:51]} 10... Nbd7 {[%clk 1:12:02]} 11. Nbd2 {[%clk 1:03:14]} 11... Bb7
{[%clk 1:11:07]} 12. Nf1 {[%clk 1:01:25]} 12... c5 {[%clk 0:59:41]} 13. Bc2 {
[%clk 0:57:29]} 13... Re8 {[%clk 0:58:36]} 14. d4 {[%clk 0:50:54]} 14... Bf8 {
[%clk 0:55:08]} 15. Ng3 {[%clk 0:48:42]} 15... Qc7 {[%clk 0:51:28]} 16. dxe5 {
[%clk 0:40:37]} 16... dxe5 {[%clk 0:50:52]} 17. Qe2 {[%clk 0:40:00]} 17... c4 {
[%clk 0:43:32]} 18. Be3 {[%clk 0:37:25]} 18... Nc5 {[%clk 0:39:54]} 19. Bg5 {
[%clk 0:35:14]} 19... Qc6 {[%clk 0:38:49]} 20. Rad1 {[%clk 0:28:04]} 20... h6 {
[%clk 0:27:02]} 21. Bxf6 {[%clk 0:26:28]} 21... Qxf6 {[%clk 0:27:26]} 22. Nf5 {
[%clk 0:25:31]} 22... Rad8 {[%clk 0:25:51]} 23. Ne3 {[%clk 0:23:39]} 23... Qe6
{[%clk 0:20:44]} 24. Ng4 {[%clk 0:16:02]} 24... Bd6 {[%clk 0:19:00]} 25. Rd2 {
[%clk 0:15:28]} 25... Bc7 {[%clk 0:17:08]} 26. Red1 {[%clk 0:15:39]} 26... Rxd2
{[%clk 0:17:23]} 27. Rxd2 {[%clk 0:15:57]} 27... f6 {[%clk 0:16:50]} 28. Nh4 {
[%clk 0:15:46]} 28... Rd8 {[%clk 0:11:37]} 29. f3 {[%clk 0:14:15]} 29... Rxd2 {
[%clk 0:08:21]} 30. Qxd2 {[%clk 0:14:25]} 30... Qd6 {[%clk 0:08:33]} 31. Qxd6 {
[%clk 0:13:22]} 31... Bxd6 {[%clk 0:09:02]} 32. Nf5 {[%clk 0:13:37]} 32... Bf8
{[%clk 0:08:09]} 33. Nge3 {[%clk 0:13:08]} 33... g6 {[%clk 0:06:55]} 34. Ng3 {
[%clk 0:13:03]} 34... Kf7 {[%clk 0:03:13]} 35. Kf2 {[%clk 0:09:49]} 35... h5 {
[%clk 0:01:49]} 36. Ngf1 {[%clk 0:09:20]} 36... Bh6 {[%clk 0:01:43]} 37. Ke2 {
[%clk 0:08:20]} 37... Ke6 {[%clk 0:01:42]} 38. Nd2 {[%clk 0:08:17]} 38... Bxe3
{[%clk 0:00:41]} 39. Kxe3 {[%clk 0:08:45]} 39... f5 {[%clk 0:01:02]} 40. a3 {
[%clk 0:08:17]} 40... Kf6 {[%clk 0:00:47]} 41. h4 {[%clk 0:20:26]} 41... Bc8 {
[%clk 0:15:05]} 42. Nf1 {[%clk 0:20:24]} 42... f4+ {[%clk 0:13:55]} 43. Ke2 {
[%clk 0:20:24]} 43... Be6 {[%clk 0:13:55]} 44. Nd2 {[%clk 0:20:14]} 44... g5 {
[%clk 0:14:10]} 45. hxg5+ {[%clk 0:20:37]} 45... Kxg5 {[%clk 0:14:38]} 46. Nf1
{[%clk 0:20:29]} 46... Kh4 {[%clk 0:13:55]} 47. Kd2 {[%clk 0:20:08]} 47... a5 {
[%clk 0:11:10]} 48. Ke1 {[%clk 0:18:58]} 48... Na6 {[%clk 0:07:48]} 49. Kd2 {
[%clk 0:12:46]} 49... Nc5 {[%clk 0:05:48]} 50. Ke1 {[%clk 0:13:28]} 50... Na6 {
[%clk 0:01:52]} 51. Kd2 {[%clk 0:13:40]} 51... Bh3 {[%clk 0:00:53]} 52. gxh3 {
[%clk 0:10:15]} 52... Kxh3 {[%clk 0:00:53]} 53. Bd1 {[%clk 0:10:35]} 53... Kg2
{[%clk 0:01:41]} 54. Be2 {[%clk 0:10:59]} 54... Nc5 {[%clk 0:01:08]} 55. Ke1 {
[%clk 0:09:40]} 55... h4 {[%clk 0:00:59]} 56. Nd2 {[%clk 0:09:37]} 56... h3 {
[%clk 0:00:32]} 57. Bf1+ {[%clk 0:10:00]} 57... Kg3 {[%clk 0:00:59]} 58. Bxh3 {
[%clk 0:09:06]} 58... Kxh3 {[%clk 0:01:25]} 59. Kd1 {[%clk 0:09:35]} 59... Kg2
{[%clk 0:01:39]} 60. Kc2 {[%clk 0:08:18]} 60... Kf2 {[%clk 0:01:37]} 61. a4 {
[%clk 0:07:22]} 61... Nxa4 {[%clk 0:02:02]} 62. b3 {[%clk 0:07:38]} 62... Nb6 {
[%clk 0:01:18]} 63. b4 {[%clk 0:07:47]} 63... a4 {[%clk 0:01:29]} 64. Kd1 {
[%clk 0:07:50]} 64... a3 {[%clk 0:01:28]} 65. Kc1 {[%clk 0:08:14]} 65... Na4 {
[%clk 0:01:39]} 66. Kc2 {[%clk 0:08:28]} 66... a2 {[%clk 0:01:59]} 0-1

[Event "DEM U12 2017"]
[Site "Willingen GER"]
[Date "2017.06.08"]
[Round "8"]
[White "Colbow, Collin"]
[Black "Morgenstern, Tobias"]
[Result "1-0"]
[Termination "normal"]
[Board "3"]
[WhiteElo "1968"]
[BlackElo "1418"]
[WhiteClock "00:19:08"]
[BlackClock "00:07:33"]
[PlyCount "99"]
[WhiteFideId "16201132"]
[BlackFideId "12974390"]
[EventCountry "GER"]
[EventRounds "11"]
[EventType "swiss"]
[EventDate "2017.06.03"]

1. e4 {[%clk 1:15:58]} 1... e5 {[%clk 1:15:53]} 2. Nf3 {[%clk 1:16:22]} 2...
Nc6 {[%clk 1:16:20]} 3. Bc4 {[%clk 1:16:47]} 3... Bc5 {[%clk 1:16:46]} 4. O-O {
[%clk 1:17:10]} 4... Nf6 {[%clk 1:14:23]} 5. d3 {[%clk 1:17:35]} 5... a6 {
[%clk 1:13:58]} 6. Nbd2 {[%clk 1:16:33]} 6... d6 {[%clk 1:13:48]} 7. c3 { [%clk
1:16:53]} 7... Na5 {[%clk 1:12:51]} 8. Bxf7+ {[%clk 1:17:17]} 8... Kxf7 { [%clk
1:13:03]} 9. b4 {[%clk 1:17:42]} 9... Ba7 {[%clk 1:10:08]} 10. bxa5 { [%clk
1:18:05]} 10... Re8 {[%clk 1:07:35]} 11. Qb3+ {[%clk 1:17:37]} 11... Kf8 {[%clk
1:07:53]} 12. Ba3 {[%clk 1:15:27]} 12... Be6 {[%clk 1:05:07]} 13. Qxb7 { [%clk
1:14:02]} 13... Qd7 {[%clk 1:03:17]} 14. Qb2 {[%clk 1:07:58]} 14... Rab8 {[%clk
0:59:18]} 15. Qc2 {[%clk 1:07:30]} 15... Qb5 {[%clk 0:55:04]} 16. Rfb1 { [%clk
1:03:18]} 16... Qxa5 {[%clk 0:50:50]} 17. Bb4 {[%clk 1:00:29]} 17... Qb6 {[%clk
0:51:14]} 18. d4 {[%clk 0:58:17]} 18... exd4 {[%clk 0:44:34]} 19. cxd4 { [%clk
0:56:49]} 19... Kg8 {[%clk 0:43:43]} 20. Qc3 {[%clk 0:41:43]} 20... d5 { [%clk
0:28:06]} 21. Ba5 {[%clk 0:33:52]} 21... Nxe4 {[%clk 0:27:28]} 22. Bxb6 { [%clk
0:33:39]} 22... Nxc3 {[%clk 0:27:49]} 23. Bxa7 {[%clk 0:33:56]} 23... Nxb1
{[%clk 0:28:12]} 24. Rxb1 {[%clk 0:32:05]} 24... Rxb1+ {[%clk 0:26:06]} 25.
Nxb1 {[%clk 0:32:18]} 25... Ra8 {[%clk 0:23:03]} 26. Bc5 {[%clk 0:32:23]} 26...
Rb8 {[%clk 0:23:21]} 27. Nbd2 {[%clk 0:31:58]} 27... Rb2 {[%clk 0:23:34]} 28.
a3 {[%clk 0:32:03]} 28... Bg4 {[%clk 0:21:03]} 29. h3 {[%clk 0:31:47]} 29...
Bh5 {[%clk 0:18:21]} 30. g4 {[%clk 0:30:54]} 30... Bg6 {[%clk 0:18:33]} 31. Kg2
{[%clk 0:31:05]} 31... Be4 {[%clk 0:14:38]} 32. Kg3 {[%clk 0:30:57]} 32... h6
{[%clk 0:13:43]} 33. Nf1 {[%clk 0:25:02]} 33... g5 {[%clk 0:13:26]} 34. Ne3
{[%clk 0:24:50]} 34... Rb3 {[%clk 0:13:30]} 35. h4 {[%clk 0:21:39]} 35... Bxf3
36. Kxf3 {[%clk 0:21:52]} 36... c6 {[%clk 0:11:27]} 37. hxg5 { [%clk 0:22:05]}
37... hxg5 {[%clk 0:11:56]} 38. Kg2 {[%clk 0:22:06]} 38... Kf7 {[%clk 0:11:55]}
39. Nf5 {[%clk 0:21:52]} 39... Rc3 {[%clk 0:12:03]} 40. Nd6+ { [%clk 0:21:07]}
40... Ke6 {[%clk 0:11:42]} 41. Ne8 {[%clk 0:19:51]} 41... Kd7 { [%clk 0:10:54]}
42. Nf6+ {[%clk 0:19:40]} 42... Ke6 {[%clk 0:07:42]} 43. Nh7 { [%clk 0:19:57]}
43... Rxc5 {[%clk 0:07:36]} 44. dxc5 {[%clk 0:20:15]} 44... d4 {[%clk 0:07:58]}
45. Kf3 {[%clk 0:19:39]} 45... Kd5 {[%clk 0:08:11]} 46. Nxg5 { [%clk 0:19:41]}
46... Kxc5 {[%clk 0:08:27]} 47. Ne4+ {[%clk 0:18:47]} 47... Kd5 {[%clk
0:07:35]} 48. g5 {[%clk 0:18:26]} 48... Ke5 {[%clk 0:07:09]} 49. g6 { [%clk
0:18:49]} 49... Ke6 {[%clk 0:07:33]} 50. Ke2 {[%clk 0:19:08]} 1-0

[Event "DEM U12 2017"]
[Site "Willingen GER"]
[Date "2017.06.08"]
[Round "8"]
[White "Arakelian, Aik"]
[Black "Laux, Dominik"]
[Result "0-1"]
[Termination "normal"]
[Board "4"]
[WhiteElo "1737"]
[BlackElo "1759"]
[WhiteClock "00:08:51"]
[BlackClock "00:09:32"]
[PlyCount "84"]
[WhiteFideId "16220340"]
[BlackFideId "12994219"]
[EventCountry "GER"]
[EventRounds "11"]
[EventType "swiss"]
[EventDate "2017.06.03"]

1. e4 {[%clk 1:15:56]} 1... d5 {[%clk 1:15:55]} 2. exd5 {[%clk 1:16:20]} 2...
Qxd5 {[%clk 1:16:20]} 3. Nc3 {[%clk 1:16:41]} 3... Qd8 {[%clk 1:16:44]} 4. d4 {
[%clk 1:16:52]} 4... Nf6 {[%clk 1:17:08]} 5. Bc4 {[%clk 1:16:48]} 5... a6 {
[%clk 1:17:23]} 6. a3 {[%clk 1:16:09]} 6... b5 {[%clk 1:16:50]} 7. Bb3 { [%clk
1:15:53]} 7... Bb7 {[%clk 1:17:06]} 8. Nf3 {[%clk 1:15:56]} 8... e6 { [%clk
1:17:22]} 9. O-O {[%clk 1:15:00]} 9... Be7 {[%clk 1:17:36]} 10. Ne5 { [%clk
1:12:18]} 10... Nc6 {[%clk 1:15:27]} 11. Be3 {[%clk 1:08:46]} 11... Nxe5 {[%clk
1:11:53]} 12. dxe5 {[%clk 1:08:54]} 12... Nd7 {[%clk 1:10:17]} 13. f4 { [%clk
1:07:31]} 13... c5 {[%clk 1:08:56]} 14. Ne2 {[%clk 1:03:49]} 14... c4 { [%clk
1:04:20]} 15. Ba2 {[%clk 1:04:02]} 15... Nc5 {[%clk 1:04:18]} 16. Nd4 { [%clk
1:04:01]} 16... O-O {[%clk 1:02:59]} 17. c3 {[%clk 1:01:38]} 17... Nd3 { [%clk
0:58:47]} 18. Qe2 {[%clk 0:58:15]} 18... Rc8 {[%clk 0:55:46]} 19. Rad1 { [%clk
0:53:52]} 19... Qc7 {[%clk 0:52:12]} 20. Bb1 {[%clk 0:51:22]} 20... Be4 { [%clk
0:49:20]} 21. Nf3 {[%clk 0:47:08]} 21... Bc5 {[%clk 0:42:56]} 22. b4 { [%clk
0:44:55]} 22... Nxf4 {[%clk 0:38:11]} 23. Qd2 {[%clk 0:41:44]} 23... Bxe3+
{[%clk 0:32:07]} 24. Qxe3 {[%clk 0:42:04]} 24... Bxf3 {[%clk 0:30:48]} 25. Rxf3
{[%clk 0:40:53]} 25... Ng6 {[%clk 0:29:48]} 26. Rd6 {[%clk 0:34:49]} 26... a5
{[%clk 0:23:20]} 27. Qd4 {[%clk 0:21:29]} 27... axb4 {[%clk 0:22:12]} 28. axb4
{[%clk 0:21:42]} 28... Rcd8 {[%clk 0:21:09]} 29. h4 {[%clk 0:18:18]} 29... Nxe5
{[%clk 0:18:55]} 30. Qxe5 {[%clk 0:14:25]} 30... Qxd6 { [%clk 0:18:48]} 31.
Qxb5 {[%clk 0:09:51]} 31... Qd1+ {[%clk 0:17:14]} 32. Rf1 { [%clk 0:10:10]}
32... Qg4 {[%clk 0:17:06]} 33. Ba2 {[%clk 0:08:56]} 33... Rd2 { [%clk 0:15:31]}
34. Qc6 {[%clk 0:07:55]} 34... Rxa2 {[%clk 0:15:38]} 35. b5 { [%clk 0:08:16]}
35... Qxh4 {[%clk 0:12:44]} 36. b6 {[%clk 0:08:38]} 36... Raa8 {[%clk 0:12:14]}
37. b7 {[%clk 0:08:34]} 37... Rab8 {[%clk 0:12:30]} 38. Ra1 { [%clk 0:09:01]}
38... Qe7 {[%clk 0:12:20]} 39. Ra7 {[%clk 0:08:53]} 39... g6 { [%clk 0:10:38]}
40. Ra4 {[%clk 0:08:25]} 40... Qxb7 {[%clk 0:10:32]} 41. Qxc4 { [%clk 0:08:46]}
41... Qb3 {[%clk 0:09:41]} 42. Qh4 {[%clk 0:08:51]} 42... Qxc3 {[%clk 0:09:32]}
0-1

[Event "DEM U12 2017"]
[Site "Willingen GER"]
[Date "2017.06.08"]
[Round "8"]
[White "Bui, Bao Anh Le"]
[Black "Lohvinov, Petro"]
[Result "1/2-1/2"]
[Termination "normal"]
[Board "5"]
[WhiteElo "1748"]
[BlackElo "1823"]
[WhiteClock "00:15:58"]
[BlackClock "00:20:52"]
[PlyCount "43"]
[WhiteFideId "12970719"]
[BlackFideId "14176661"]
[EventCountry "GER"]
[EventRounds "11"]
[EventType "swiss"]
[EventDate "2017.06.03"]

1. e4 {[%clk 1:15:56]} 1... c5 {[%clk 1:15:42]} 2. Nf3 {[%clk 1:16:20]} 2... e6
{[%clk 1:15:44]} 3. c4 {[%clk 1:12:40]} 3... Nc6 {[%clk 1:15:46]} 4. Nc3 {
[%clk 1:10:47]} 4... e5 {[%clk 1:15:44]} 5. d3 {[%clk 1:09:16]} 5... d6 { [%clk
1:16:01]} 6. Be2 {[%clk 1:08:32]} 6... Be7 {[%clk 1:13:54]} 7. O-O { [%clk
1:07:46]} 7... f5 {[%clk 1:13:56]} 8. Nd5 {[%clk 0:59:26]} 8... Nf6 { [%clk
1:13:16]} 9. a3 {[%clk 0:54:41]} 9... a5 {[%clk 1:05:42]} 10. Qa4 { [%clk
0:43:39]} 10... Bd7 {[%clk 0:56:16]} 11. Qb3 {[%clk 0:40:02]} 11... Rb8 { [%clk
0:53:21]} 12. Bd2 {[%clk 0:33:57]} 12... O-O {[%clk 0:51:08]} 13. Qb6 { [%clk
0:30:13]} 13... Qxb6 {[%clk 0:44:07]} 14. Nxb6 {[%clk 0:30:28]} 14... fxe4
{[%clk 0:39:07]} 15. Nxd7 {[%clk 0:23:30]} 15... exf3 {[%clk 0:38:59]} 16.
Nxf6+ {[%clk 0:23:56]} 16... Bxf6 {[%clk 0:39:18]} 17. Bxf3 {[%clk 0:24:21]}
17... Rfe8 {[%clk 0:28:19]} 18. Bd5+ {[%clk 0:21:06]} 18... Kh8 {[%clk 0:25:22]
} 19. Rab1 {[%clk 0:20:06]} 19... a4 {[%clk 0:25:02]} 20. b4 {[%clk 0:19:29]}
20... axb3 {[%clk 0:22:56]} 21. Rxb3 {[%clk 0:15:58]} 21... Nd4 {[%clk 0:20:52]
} 22. Rb6 1/2-1/2

[Event "DEM U12 2017"]
[Site "Willingen GER"]
[Date "2017.06.08"]
[Round "8"]
[White "Hommer, Jeremy"]
[Black "Wang, Xinyuan"]
[Result "1-0"]
[Termination "normal"]
[Board "6"]
[WhiteElo "1899"]
[BlackElo "1673"]
[WhiteClock "00:20:23"]
[BlackClock "00:11:03"]
[PlyCount "104"]
[WhiteFideId "12992577"]
[BlackFideId "16221494"]
[EventCountry "GER"]
[EventRounds "11"]
[EventType "swiss"]
[EventDate "2017.06.03"]

1. d4 {[%clk 1:15:56]} 1... Nf6 {[%clk 1:15:51]} 2. Bf4 {[%clk 1:16:18]} 2...
e6 {[%clk 1:16:01]} 3. e3 {[%clk 1:16:42]} 3... b6 {[%clk 1:15:35]} 4. Nd2 {
[%clk 1:16:29]} 4... Bb7 {[%clk 1:15:38]} 5. h3 {[%clk 1:15:24]} 5... Be7 {
[%clk 1:15:07]} 6. Ngf3 {[%clk 1:15:31]} 6... Ne4 {[%clk 1:15:02]} 7. Bd3 {
[%clk 1:07:49]} 7... f5 {[%clk 1:13:57]} 8. c3 {[%clk 1:01:53]} 8... O-O {
[%clk 1:12:32]} 9. Qc2 {[%clk 0:56:16]} 9... Nxd2 {[%clk 1:12:10]} 10. Qxd2
10... Kh8 {[%clk 0:59:08]} 11. O-O {[%clk 0:46:35]} 11... d6 {[%clk 0:45:08]}
12. Rae1 {[%clk 0:44:15]} 12... Be4 {[%clk 0:41:55]} 13. Qc2 {[%clk 0:42:35]}
13... d5 {[%clk 0:41:33]} 14. Ne5 {[%clk 0:42:39]} 14... Bd6 {[%clk 0:36:18]}
15. f3 {[%clk 0:40:20]} 15... Bxe5 {[%clk 0:35:21]} 16. Bxe5 {[%clk 0:39:56]}
16... Bxd3 {[%clk 0:34:42]} 17. Qxd3 {[%clk 0:40:25]} 17... Nd7 {[%clk 0:34:28]
} 18. Bh2 {[%clk 0:40:24]} 18... Nf6 {[%clk 0:34:15]} 19. c4 {[%clk 0:37:22]}
19... Rc8 {[%clk 0:33:43]} 20. cxd5 {[%clk 0:31:15]} 20... exd5 {[%clk 0:33:49]
} 21. Qxf5 {[%clk 0:30:30]} 21... Ne4 {[%clk 0:29:59]} 22. Qg4 {[%clk 0:25:43]}
22... Nd2 {[%clk 0:28:45]} 23. Rf2 {[%clk 0:25:55]} 23... Nc4 {[%clk 0:29:12]}
24. b3 {[%clk 0:26:13]} 24... Nd6 {[%clk 0:29:06]} 25. Be5 {[%clk 0:24:38]}
25... Rg8 {[%clk 0:26:45]} 26. Rc2 {[%clk 0:23:27]} 26... Nf7 {[%clk 0:25:25]}
27. Bf4 {[%clk 0:19:49]} 27... c5 {[%clk 0:23:47]} 28. Rec1 {[%clk 0:18:46]}
28... Qe7 {[%clk 0:22:44]} 29. Qf5 {[%clk 0:17:58]} 29... Rgd8 {[%clk 0:21:23]}
30. Rc3 {[%clk 0:16:17]} 30... Kg8 {[%clk 0:15:17]} 31. Qc2 {[%clk 0:16:18]}
31... g5 {[%clk 0:12:01]} 32. Bg3 {[%clk 0:15:03]} 32... Rd7 {[%clk 0:11:02]}
33. Kh1 {[%clk 0:09:53]} 33... Rcd8 {[%clk 0:09:28]} 34. Bf2 {[%clk 0:06:30]}
34... cxd4 {[%clk 0:09:16]} 35. exd4 {[%clk 0:06:59]} 35... Nd6 {[%clk 0:08:49]
} 36. Re1 {[%clk 0:07:06]} 36... Qg7 {[%clk 0:09:04]} 37. Qd3 {[%clk 0:06:23]}
37... Rf8 {[%clk 0:06:35]} 38. Bg3 {[%clk 0:05:40]} 38... Nf5 {[%clk 0:05:54]}
39. Be5 {[%clk 0:06:03]} 39... Qf7 {[%clk 0:05:43]} 40. Rec1 {[%clk 0:06:06]}
40... Qg6 {[%clk 0:04:39]} 41. Kg1 {[%clk 0:05:05]} 41... Rdf7 {[%clk 0:00:38]}
42. Rc6 {[%clk 0:04:01]} 42... Qh5 {[%clk 0:00:42]} 43. Rc7 {[%clk 0:04:23]}
43... Ne7 {[%clk 0:14:47]} 44. Bd6 {[%clk 0:19:16]} 44... Re8 {[%clk 0:14:31]}
45. Qb5 {[%clk 0:19:03]} 45... Rg7 {[%clk 0:13:23]} 46. Bxe7 {[%clk 0:19:10]}
46... Rgxe7 {[%clk 0:13:31]} 47. Qxd5+ {[%clk 0:19:27]} 47... Kg7 { [%clk
0:11:18]} 48. Qe5+ {[%clk 0:19:46]} 48... Kf8 {[%clk 0:10:16]} 49. Rxe7 { [%clk
0:19:56]} 49... Rxe7 {[%clk 0:10:16]} 50. Rc8+ {[%clk 0:20:12]} 50... Re8
{[%clk 0:10:19]} 51. Rxe8+ {[%clk 0:20:06]} 51... Qxe8 {[%clk 0:10:38]} 52.
Qxe8+ {[%clk 0:20:23]} 52... Kxe8 {[%clk 0:11:03]} 1-0

[Event "DEM U12 2017"]
[Site "Willingen GER"]
[Date "2017.06.08"]
[Round "8"]
[White "Eilenberg, Jonas"]
[Black "Evering, Sören"]
[Result "1/2-1/2"]
[Termination "normal"]
[Board "7"]
[WhiteElo "1650"]
[BlackElo "1718"]
[WhiteClock "00:48:49"]
[BlackClock "00:55:20"]
[PlyCount "45"]
[WhiteFideId "16204271"]
[BlackFideId "12974650"]
[EventCountry "GER"]
[EventRounds "11"]
[EventType "swiss"]
[EventDate "2017.06.03"]

1. d4 {[%clk 1:15:57]} 1... d5 {[%clk 1:15:50]} 2. c4 {[%clk 1:16:21]} 2... e6
{[%clk 1:16:14]} 3. Nc3 {[%clk 1:16:46]} 3... Bb4 {[%clk 1:16:34]} 4. Nf3 {
[%clk 1:16:49]} 4... Nf6 {[%clk 1:16:53]} 5. Bg5 {[%clk 1:16:53]} 5... h6 {
[%clk 1:16:49]} 6. Bh4 {[%clk 1:17:08]} 6... O-O {[%clk 1:16:32]} 7. e3 { [%clk
1:17:12]} 7... Nbd7 {[%clk 1:16:18]} 8. cxd5 {[%clk 1:17:08]} 8... exd5 { [%clk
1:16:35]} 9. Bd3 {[%clk 1:17:25]} 9... Re8 {[%clk 1:13:40]} 10. O-O { [%clk
1:17:38]} 10... b6 {[%clk 1:12:32]} 11. Nxd5 {[%clk 1:16:36]} 11... Be7 { [%clk
1:12:14]} 12. Nxe7+ {[%clk 1:15:28]} 12... Qxe7 {[%clk 1:12:28]} 13. Rc1 {[%clk
1:14:22]} 13... c5 {[%clk 1:12:25]} 14. Re1 {[%clk 1:11:51]} 14... Bb7 { [%clk
1:12:11]} 15. Qd2 {[%clk 1:02:50]} 15... Bxf3 {[%clk 1:11:36]} 16. gxf3 { [%clk
1:03:08]} 16... cxd4 {[%clk 1:10:42]} 17. exd4 {[%clk 1:03:11]} 17... Qd6
{[%clk 1:10:24]} 18. Bg3 {[%clk 1:02:12]} 18... Qd5 {[%clk 1:10:15]} 19. Bf1 {
[%clk 1:00:28]} 19... Rac8 {[%clk 1:07:32]} 20. Bg2 {[%clk 0:55:46]} 20...
Rxe1+ {[%clk 1:03:39]} 21. Rxe1 {[%clk 0:55:02]} 21... Qxa2 {[%clk 1:02:46]}
22. f4 {[%clk 0:51:42]} 22... Qa4 {[%clk 0:55:20]} 23. f5 {[%clk 0:48:49]}
1/2-1/2

[Event "DEM U12 2017"]
[Site "Willingen GER"]
[Date "2017.06.08"]
[Round "8"]
[White "Lutz, Adam"]
[Black "Stockmann, Till"]
[Result "1/2-1/2"]
[Termination "normal"]
[Board "8"]
[WhiteElo "1787"]
[BlackElo "1724"]
[WhiteClock "01:02:25"]
[BlackClock "00:56:20"]
[PlyCount "72"]
[WhiteFideId "16226615"]
[BlackFideId "12979341"]
[EventCountry "GER"]
[EventRounds "11"]
[EventType "swiss"]
[EventDate "2017.06.03"]

1. e4 {[%clk 1:15:54]} 1... c5 {[%clk 1:15:52]} 2. Nf3 {[%clk 1:16:21]} 2...
Nc6 {[%clk 1:16:11]} 3. d4 {[%clk 1:16:46]} 3... cxd4 {[%clk 1:16:30]} 4. Nxd4
{[%clk 1:17:06]} 4... g6 {[%clk 1:16:48]} 5. Nc3 {[%clk 1:17:29]} 5... Bg7 {
[%clk 1:17:08]} 6. Be3 {[%clk 1:17:39]} 6... Nf6 {[%clk 1:17:20]} 7. f3 { [%clk
1:17:55]} 7... O-O {[%clk 1:13:54]} 8. Bc4 {[%clk 1:18:13]} 8... Qb6 { [%clk
1:13:37]} 9. a3 {[%clk 1:16:39]} 9... Nxe4 {[%clk 1:12:17]} 10. Nd5 { [%clk
1:16:40]} 10... Qxb2 {[%clk 1:08:26]} 11. fxe4 {[%clk 1:09:14]} 11... Bxd4
{[%clk 1:06:54]} 12. Ra2 {[%clk 1:09:27]} 12... Bc3+ {[%clk 1:02:32]} 13. Ke2
{[%clk 1:09:47]} 13... Qxa2 {[%clk 1:02:06]} 14. Bxa2 {[%clk 1:10:10]} 14...
Be5 {[%clk 1:02:02]} 15. h3 {[%clk 1:07:02]} 15... e6 {[%clk 1:01:33]} 16. Nb4
{[%clk 1:07:15]} 16... f5 {[%clk 1:01:25]} 17. exf5 {[%clk 1:05:50]} 17... Rxf5
{[%clk 1:01:26]} 18. Rf1 {[%clk 1:06:04]} 18... Nxb4 {[%clk 1:00:38] } 19. axb4
{[%clk 1:06:09]} 19... b6 {[%clk 1:00:58]} 20. Rxf5 {[%clk 1:05:52]} 20... gxf5
{[%clk 1:01:24]} 21. Bxe6+ {[%clk 1:04:42]} 21... dxe6 { [%clk 1:01:28]} 22.
Bh6 {[%clk 1:03:39]} 22... Bb7 {[%clk 1:00:09]} 23. Qd7 { [%clk 1:03:01]} 23...
Bd5 {[%clk 1:00:22]} 24. Qe7 {[%clk 1:01:27]} 24... a5 { [%clk 0:59:57]} 25.
Qg5+ {[%clk 1:01:22]} 25... Kh8 {[%clk 0:59:52]} 26. g4 { [%clk 1:01:18]} 26...
a4 {[%clk 0:57:24]} 27. gxf5 {[%clk 1:01:35]} 27... exf5 {[%clk 0:57:39]} 28.
Qe7 {[%clk 1:01:51]} 28... Bb2 {[%clk 0:57:21]} 29. Bf4 { [%clk 1:01:40]} 29...
Bc4+ {[%clk 0:56:04]} 30. Kd1 {[%clk 1:01:51]} 30... b5 { [%clk 0:54:45]} 31.
Be5+ {[%clk 1:00:39]} 31... Bxe5 {[%clk 0:55:10]} 32. Qxe5+ {[%clk 1:01:01]}
32... Kg8 {[%clk 0:55:30]} 33. Qxf5 {[%clk 1:01:23]} 33... a3 {[%clk 0:55:29]}
34. Qg5+ {[%clk 1:01:40]} 34... Kh8 {[%clk 0:55:38]} 35. Qf6+ {[%clk 1:02:01]}
35... Kg8 {[%clk 0:56:02]} 36. Qg5+ {[%clk 1:02:25]} 36... Kh8 {[%clk 0:56:20]}
1/2-1/2